Very young learners

Αποθηκεύτηκε σε:
Λεπτομέρειες βιβλιογραφικής εγγραφής
Κύριος συγγραφέας: Reilly, Vanessa
Μορφή: Βιβλίο
Γλώσσα:Undetermined
Έκδοση: Oxford Oxford University Press 1997 (impression 2000)
Θέματα:
Ετικέτες: Προσθήκη ετικέτας
Δεν υπάρχουν, Καταχωρήστε ετικέτα πρώτοι!
Thư viện lưu trữ: Trung tâm Học liệu Trường Đại học Cần Thơ
LEADER 00581nam a2200217Ia 4500
001 CTU_65779
008 210402s9999 xx 000 0 und d
020 |b 91000 
020 |c 91000 
082 |a 428.07 
082 |b R362 
100 |a Reilly, Vanessa 
245 0 |a Very young learners 
245 0 |c Vanessa Reilly and Sheila M. Ward 
260 |a Oxford 
260 |b Oxford University Press 
260 |c 1997 (impression 2000) 
650 |a english language 
650 |x study and teaching 
904 |i Minh 
980 |a Trung tâm Học liệu Trường Đại học Cần Thơ